Riconosci il Pokémon - Quiz n°497 - Statistics

Statistiche generali
  • Questo quiz è stato fatto 8 volte
  • Il punteggio medio è 9 su 10
Statistiche sulle risposte
Indizio Risposta % Corretto
Tipo Drago / Psico
100%
Abilità Levitazione
100%
Stadio evoluzione Non si evolve
100%
Sesso 100% ♂
88%
Altezza 2,0 m; 2,3 m (Megaevoluzione)
88%
Peso 60,0 kg, 70,0 kg (Megaevoluzione)
88%
Generazione Terza
88%
Tasso di cattura 3 (1.6%)
75%
Pokémon Latios
75%
Tasso di allevamento Lento
75%
Nessun quiz corrispondente trovato
Distribuzione punteggi
Percentuale di utenti per punteggio
Percentile per numero di risposta
I tuoi punteggi nel tempo
Non hai fatto questo quiz